Normal view
MARC view
- Kabel, Robert Lynn.
Entry Personal Name
001 - CONTROL NUMBER
- control field: 6397
003 - CONTROL NUMBER IDENTIFIER
- control field: NUST
005 - DATE AND TIME OF LATEST TRANSACTION
- control field: 20171115121646.0
008 - FIXED-LENGTH DATA ELEMENTS
- fixed length control field: 171115|| aca||aabn | a|a d
040 ## - CATALOGING SOURCE
- Original cataloging agency: NUST
- Transcribing agency: NUST
100 ## - HEADING--PERSONAL NAME
- Personal name: Kabel, Robert Lynn.
670 ## - SOURCE DATA FOUND
- Source citation: Work cat.: (NUST)0: Heinsohn, Robert Jennings. 6395, Sources and control of air pollution /, c1999.
